000 00525nam a2200157Ia 4500
008 240126s9999 xx 000 0 und d
041 _aEnglish
082 _aLIBRARY-IX
245 0 _aInternational Journal of Business Management and Information Technology (2012 -
260 _bGlobal Research Publications
_aNew Delhi
440 _aNULL
500 _aPeer Reviewed
650 _aBusiness,Management,Information,(2012,-,Management,Information Technology
650 _aManagement, Information Technology
942 _cJN
999 _c273355
_d273355